Statistics for 15 tane dizi

Click here to take the quiz!

General Stats

  • This quiz has been taken 3 088 times
  • The average score is 9 of 15

Answer Stats

SoruCevap% Correct
kurtlarvadisi
97%
The WalkingDead
93%
StrangerThings
92%
breakingbad
87%
Game Ofthrones
81%
TeenWolf
77%
sexeducation
70%
MucizeDoktor
69%
BizimHikaye
58%
Âşk101
38%
Punisher
35%
daredevil
34%
The100
28%
How The SellDrugs Online
23%
bodyguard
19%

Score Distribution

Percentile by Number Answered

Percent of People with Each Score

Your Score History

You have not taken this quiz